Word Ladder: Where the Heart Is Quiz Stats

Quiz Updated Oct 20, 2016

Challenge
Share
Tweet
Embed
Score 0/40 Timer 04:00
0 Plays Today
Hint Answer % Correct
Italy's capitalROME
98.7%
Not hotCOLD
98.5%
Lacking in hairBALD
98.2%
'_____ is where the heart is'HOME
98.1%
Centre of an appleCORE
96.7%
Heavy fontBOLD
96.7%
Nat King ____ , singerCOLE
96%
Used in ice hockeyPUCK
95.1%
Christian _____, actorBALE
94.7%
Went on horsebackRODE
94.5%
Ivy League school whose motto is 'Lux et veritas'YALE
94.1%
Secret sequence of numbersCODE
93.5%
Flower symbolising loveROSE
93%
Look after someoneCARE
92.9%
Similar to a donkeyMULE
92.8%
Underground creatureMOLE
91.5%
A floppy way of storing dataDISK
91.5%
Log you have at ChristmasYULE
91.3%
Oliver Twist's requestMORE
90.9%
Pond dwelling creatureDUCK
90.7%
Hint Answer % Correct
Finished, finito, completedDONE
89.3%
'Take a calculated _____'RISK
89.1%
Surface to work onDESK
88.2%
AscentRISE
88%
Price of a house per monthRENT
87.5%
Two minus twoNONE
87%
Wooden outside spaceDECK
86.1%
A place to rest your behindSEAT
85.9%
10K or marathonRACE
85.7%
UnusualRARE
85%
Get rid of a flySWAT
84.5%
Posted a letterSENT
84%
Smallest of the bunchRUNT
83.5%
Move in the breezeSWAY
80.4%
Set speedPACE
80.3%
Oenophile's interestNOSE
79.5%
Red purple colorPUCE
75.1%
Opposite of first rungAWAY
70.5%
An ancient letter or symbolRUNE
69.5%
Frank Herbert science fiction novelDUNE
69.3%

Today's Daily Dose

You're not logged in!

Compare scores with friends on all Sporcle quizzes.
Sign Up with Email
OR
Log In

You Might Also Like...

Show Comments

Extras

Top Quizzes Today


Score Distribution

Your Account Isn't Verified!

In order to create a playlist on Sporcle, you need to verify the email address you used during registration. Go to your Sporcle Settings to finish the process.